[Event "ch-Africa Women 2025"]
[Site "Kerdasa EGY"]
[Date "2025.05.15"]
[Round "5.12"]
[White "Ampaire, Shakira"]
[Black "Tchouateu Tankeu Stephanie"]
[Result "1-0"]
[WhiteTitle "WCM"]
[BlackTitle "WCM"]
[WhiteElo "1784"]
[BlackElo "1541"]
[WhiteFideId "10002782"]
[BlackFideId "16400470"]
[EventDate "2025.05.13"]

1. Nf3 Nf6 2. g3 g6 3. Bg2 Bg7 4. O-O O-O 5. d4 d5 6. c3 Re8 7. Nbd2 Nc6 8. Re1
e5 9. dxe5 Nxe5 10. Nxe5 Rxe5 11. Nf3 Re8 12. Qb3 c6 13. Bg5 h6 14. Bxf6 Bxf6
15. Rad1 b5 16. e4 Bg4 17. exd5 Rxe1+ 18. Rxe1 Qxd5 19. Qxd5 cxd5 20. Nd4 Bxd4
21. cxd4 Be6 22. Rc1 Rd8 23. Rc5 a6 24. Rc6 Ra8 25. Bf3 Kg7 26. Rd6 Rc8 27. Bxd5
Bh3 28. Rc6 Re8 29. Rc1 Rd8 30. Bb7 Rxd4 31. Bxa6 Rd2 32. Bxb5 Rxb2 33. a4 Ra2
34. Re1 Kf6 35. f4 Bf5 36. Re2 Rxe2 37. Bxe2 Be4 38. Kf2 Ke7 39. Ke3 Bc6 40. a5
Kd8 41. Kd4 Ke7 42. Kc5 Bg2 43. Bb5 Kd8 44. Kd6 Kc8 45. Be8 Kb7 46. Bxf7 Ka6 47.
Bxg6 Kxa5 48. f5 Be4 49. g4 Kb6 50. h4 Bb1 51. h5 Kb5 52. f6 Ba2 53. Bf5 Kb4 54.
Be6 Bb1 55. f7 Be4 56. f8=Q Kc3 57. Qxh6 Bf3 58. Qe3+ 1-0

[Event "ch-Africa Women 2025"]
[Site "Kerdasa EGY"]
[Date "2025.05.18"]
[Round "7.1"]
[White "Wafa, Shrook"]
[Black "Alaa, Dema"]
[Result "1-0"]
[WhiteTitle "WGM"]
[WhiteElo "2189"]
[BlackElo "1828"]
[WhiteFideId "10609970"]
[BlackFideId "54205514"]
[EventDate "2025.05.13"]

1. e4 c5 2. Nf3 d6 3. d4 cxd4 4. Nxd4 Nf6 5. Nc3 g6 6. Be3 Bg7 7. f3 O-O 8. Qd2
Nc6 9. O-O-O d5 10. Kb1 e6 11. h4 Nxd4 12. Bxd4 dxe4 13. fxe4 h5 14. Bc5 Bd7 15.
Bxf8 Qxf8 16. e5 Nd5 17. Nxd5 exd5 18. Qxd5 Bg4 19. Re1 Rd8 20. Qb3 Bxe5 21. Bc4
Bg7 22. Rhf1 Rd7 23. a3 b5 24. Bxb5 Rb7 25. Re8 Qxe8 26. Bxe8 1-0

[Event "ch-Africa Women 2025"]
[Site "Kerdasa EGY"]
[Date "2025.05.18"]
[Round "7.2"]
[White "Nassr, Lina"]
[Black "February, Jesse Nikki"]
[Result "1-0"]
[WhiteTitle "WIM"]
[BlackTitle "WIM"]
[WhiteElo "2029"]
[BlackElo "2052"]
[WhiteFideId "7908075"]
[BlackFideId "14312336"]
[EventDate "2025.05.13"]

1. d4 d5 2. Nf3 c6 3. e3 Nf6 4. c4 a6 5. Nc3 Bg4 6. h3 Bh5 7. Qb3 Ra7 8. Ne5 e6
9. g4 Bg6 10. Nxg6 hxg6 11. Bg2 Nbd7 12. g5 Nh5 13. e4 dxc4 14. Qxc4 Bd6 15. e5
Be7 16. h4 c5 17. d5 Nxe5 18. Qe4 Bd6 19. O-O exd5 20. Qxd5 O-O 21. Rd1 b6 22.
f4 Ng4 23. Qxd6 Qe8 24. Bc6 Qe6 25. Qxe6 fxe6 26. Bf3 e5 27. Bxg4 exf4 28. Nd5
f3 29. Kf2 Kh7 30. Bxh5 gxh5 31. Be3 Raf7 32. Rd2 Rf5 33. Nxb6 Rb8 34. Nc4 1-0

[Event "ch-Africa Women 2025"]
[Site "Kerdasa EGY"]
[Date "2025.05.18"]
[Round "7.3"]
[White "Mohamed Zaki, Jana"]
[Black "El Barbry, Sarah"]
[Result "1-0"]
[WhiteElo "1891"]
[BlackElo "1841"]
[WhiteFideId "10683089"]
[BlackFideId "26051419"]
[EventDate "2025.05.13"]

1. e4 e6 2. d4 d5 3. e5 c5 4. c3 Nc6 5. Nf3 Qb6 6. a3 Nh6 7. b4 cxd4 8. cxd4 Nf5
9. Be3 g6 10. Bd3 Nxe3 11. fxe3 Bh6 12. Qe2 Bd7 13. Nbd2 Rc8 14. Nb3 Ne7 15. g4
Qd8 16. Nc5 Rc7 17. Bb5 Bc6 18. h4 O-O 19. Bxc6 Nxc6 20. g5 Bg7 21. h5 Qc8 22.
O-O Ne7 23. h6 Bh8 24. Rf2 Nf5 25. Nh2 b6 26. Nd3 Rc3 27. Ng4 Qc4 28. Nf4 Rc1+
29. Rf1 Rxa1 30. Qxc4 dxc4 31. Rxa1 Ng3 32. Nf2 Rd8 33. Kg2 Nf5 34. Kf3 Kf8 35.
Ne4 Ke7 36. Ng3 Nxd4+ 37. exd4 Rxd4 38. Nge2 Rd2 39. Ke4 Rd7 40. Nd4 a6 41. a4
Ke8 42. b5 a5 43. Rc1 Rc7 44. Nc6 Rd7 45. Rxc4 Rd1 46. Rd4 f5+ 47. exf6 Re1+ 48.
Kf3 Bxf6 49. gxf6 Kf7 50. Re4 Rf1+ 51. Kg2 Ra1 52. Rxe6 Rxa4 53. Ne5+ Kf8 54. f7 1-0

[Event "ch-Africa Women 2025"]
[Site "Kerdasa EGY"]
[Date "2025.05.18"]
[Round "7.4"]
[White "Marochkina, Nadezhda Valerevna"]
[Black "Wafa, Shahenda"]
[Result "0-1"]
[WhiteTitle "CM"]
[BlackTitle "WGM"]
[WhiteElo "1808"]
[BlackElo "2085"]
[WhiteFideId "19900490"]
[BlackFideId "10609962"]
[EventDate "2025.05.13"]

1. d4 Nf6 2. c4 g6 3. Nc3 Bg7 4. Nf3 d6 5. Bg5 h6 6. Bh4 g5 7. Bg3 Nbd7 8. e4
O-O 9. e5 Ne8 10. Qe2 f5 11. h3 dxe5 12. Bxe5 Nxe5 13. Nxe5 Qxd4 14. Ng6 Rf7 15.
Nxe7+ Kh7 16. Ned5 Qe5 17. O-O-O Qxe2 18. Bxe2 Nf6 19. Nxf6+ Bxf6 20. Nd5 Be6
21. Bh5 Bxd5 22. Rxd5 Re7 23. Rxf5 Rf8 24. Kc2 Re5 25. Rxe5 Bxe5 26. Bf3 Bd4 27.
Rd1 c5 28. Be4+ Kg7 29. f3 Rf7 30. a3 Kf6 31. b4 b6 32. b5 h5 33. a4 h4 34. Re1
Rg7 35. Re2 Re7 36. Kd3 Rd7 37. Bd5 Be5 38. Ra2 Kf5 39. Re2 Re7 40. Ra2 Kf4 41.
a5 bxa5 42. Rxa5 Bd4 43. Be4 Kg3 44. Ra2 Bf2 45. f4 gxf4 46. Ra6 Rg7 47. Rd6 Kh2
48. Ke2 Bd4 49. Rh6 Kg3 50. Rh5 Be3 51. Bd5 Bd4 52. Be4 Rg8 53. Rh6 Rg5 54. Bf3
Re5+ 55. Kd1 Re3 56. Rg6+ Kf2 57. Bd5 Re2 58. Kc1 Ke1 59. Re6 Be3+ 60. Kb1 Kd2
61. Kb2 Re1 62. Be4 Rc1 63. Kb3 Rc3+ 64. Ka4 Rxc4+ 65. Ka5 Rd4 66. Re7 c4 67.
Bh7 c3 68. Rc7 Rd5 69. Kb4 Bb6 70. Rxc3 Rd7 71. Rc2+ Kd1 72. Bf5 Rd5 73. Bh7 Rh5
74. Be4 Re5 75. Rc4 Kd2 76. Bf3 Ke3 77. Rc2 Rg5 78. Re2+ Kd3 79. Re4 Be3 80. Re8
Bd2+ 81. Ka4 Rc5 82. Rd8+ Kc3 83. Be2 Be3 84. Rd6 Re5 85. Rc6+ Bc5 86. Bf3 Kc4
87. Ka5 Re3 88. Ka6 Ra3+ 89. Kb7 Kxb5 90. Be2+ Kb4 91. Ra6 Re3 92. Bg4 Bb6 93.
Kc6 Rc3+ 94. Kb7 Rc7+ 95. Kb8 Re7 96. Bd1 Kb5 97. Ra4 Re1 98. Bb3 Re3 99. Bd1
Re8+ 100. Kb7 Re7+ 101. Kb8 Rg7 102. Ra2 Re7 103. Be2+ Kb4 104. Ba6 Rg7 105. Rc2
Kb3 106. Rd2 Be3 107. Re2 Kc3 108. Ra2 Rg6 109. Bb7 Rg7 110. Ra6 Rg8+ 111. Kc7
Bb6+ 112. Kd6 Rg6+ 113. Ke5 Rg7 114. Bf3 0-1

[Event "ch-Africa Women 2025"]
[Site "Kerdasa EGY"]
[Date "2025.05.18"]
[Round "7.5"]
[White "Rjeb, Nadine"]
[Black "Romany, Joy"]
[Result "0-1"]
[BlackTitle "WIM"]
[WhiteElo "1658"]
[BlackElo "1932"]
[WhiteFideId "5539307"]
[BlackFideId "10656820"]
[EventDate "2025.05.13"]

1. e4 c5 2. b3 Nc6 3. Bb2 d6 4. Bb5 e5 5. Bxc6+ bxc6 6. Nf3 Nf6 7. d3 g6 8. Nbd2
Bg7 9. O-O O-O 10. h3 Nh5 11. Nc4 Nf4 12. Bc1 Be6 13. Be3 f5 14. Kh2 Qd7 15. Ng5
Bxc4 16. dxc4 Qe7 17. Nf3 fxe4 18. Nd2 d5 19. cxd5 cxd5 20. c4 d4 21. Bxf4 exf4
22. Re1 e3 23. f3 d3 24. Rb1 Bc3 25. Ne4 Bxe1 26. Qxe1 Qe5 27. Rd1 Rad8 28. Nc3
d2 29. Qe2 Qxc3 30. h4 Qd3 31. Qxd3 Rxd3 32. Kh3 e2 0-1

[Event "ch-Africa Women 2025"]
[Site "Kerdasa EGY"]
[Date "2025.05.18"]
[Round "7.6"]
[White "Ayemou, Mazan Emmanuela Esther"]
[Black "Laubscher, Anzel"]
[Result "1/2-1/2"]
[WhiteTitle "WCM"]
[BlackTitle "WIM"]
[WhiteElo "1911"]
[BlackElo "1844"]
[WhiteFideId "20803036"]
[BlackFideId "14300800"]
[EventDate "2025.05.13"]

1. e4 c5 2. Nf3 Nc6 3. d4 cxd4 4. Nxd4 g6 5. Bc4 Bg7 6. Nxc6 bxc6 7. O-O e6 8.
Qd6 Qe7 9. Qd3 Nf6 10. Bg5 h6 11. Bh4 g5 12. Bg3 Nxe4 13. Nc3 Nxg3 14. hxg3 d5
15. Bb3 O-O 16. Rfe1 Qc7 17. Nd1 Qa5 18. c3 Ba6 19. Qf3 e5 20. Ne3 e4 21. Qh5
Bc8 22. g4 Qc7 23. Qh2 Qxh2+ 24. Kxh2 Rb8 25. Nf5 Bxf5 26. gxf5 Rfe8 27. g4 Re5
28. Rad1 a5 29. Rd4 Re7 30. Ra4 Ra8 31. Re2 Be5+ 32. Kg2 Bc7 33. c4 d4 34. c5
Rd8 35. Rc4 Re5 36. Rc1 e3 37. Rh1 Kg7 38. f6+ Kxf6 39. Rxh6+ Kg7 40. Rxc6 Rd7
41. Bc2 Bd8 42. Rd6 Rxd6 43. cxd6 Rd5 44. Bd3 exf2 45. Rxf2 Rxd6 46. Bf5 Bf6 47.
Kf3 Be5 48. Ke4 1/2-1/2

[Event "ch-Africa Women 2025"]
[Site "Kerdasa EGY"]
[Date "2025.05.18"]
[Round "7.7"]
[White "Bwalya Mulwale, Lubuuto"]
[Black "Andhin, Chethanah"]
[Result "1-0"]
[WhiteTitle "WCM"]
[BlackTitle "WCM"]
[WhiteElo "1954"]
[BlackElo "1585"]
[WhiteFideId "8706964"]
[BlackFideId "9700463"]
[EventDate "2025.05.13"]

1. d4 Nf6 2. Nf3 g6 3. Bf4 Bg7 4. e3 d6 5. Bd3 Nh5 6. Bg3 Nxg3 7. hxg3 Bg4 8.
Nbd2 Nd7 9. c3 e5 10. Qb3 exd4 11. cxd4 c5 12. Qxb7 O-O 13. Qd5 cxd4 14. Nxd4
Nb6 15. Qe4 Qd7 16. Rh4 Be6 17. Bb5 Qe7 18. Rb1 a6 19. Bd3 Bf6 20. Rh1 Bxa2 21.
Ra1 Bd5 22. Qxe7 Bxe7 23. Be4 Rfc8 24. Ke2 Bf6 25. Kd3 a5 26. Rhc1 Rc5 27. Bxd5
Nxd5 28. Ne4 Nb4+ 29. Kd2 Rxc1 30. Rxc1 Be7 31. Nc6 Nxc6 32. Rxc6 f5 33. Nxd6
Kg7 34. Nc4 Bb4+ 35. Kc2 Be1 36. f3 Bxg3 37. Rc5 a4 38. Ra5 Rxa5 39. Nxa5 Bf2
40. Kd2 Bh4 41. Nc4 Bf6 42. Kc2 Kf7 43. Nb6 Ke6 44. Nxa4 Kd5 45. Kd3 Kc6 46. Kc4
Be5 47. b4 Bb8 48. Nc3 Ba7 49. Nd5 Bb8 50. Nf6 Ba7 51. b5+ Kd6 52. e4 Ke5 53.
Nd7+ Kf4 54. e5 Bb8 55. b6 h5 56. e6 Bd6 57. b7 Kg5 58. e7 1-0

[Event "ch-Africa Women 2025"]
[Site "Kerdasa EGY"]
[Date "2025.05.18"]
[Round "7.8"]
[White "Ampaire, Shakira"]
[Black "Fady, Heaven"]
[Result "1/2-1/2"]
[WhiteTitle "WCM"]
[WhiteElo "1784"]
[BlackElo "1685"]
[WhiteFideId "10002782"]
[BlackFideId "10691448"]
[EventDate "2025.05.13"]

1. e4 c6 2. d4 d5 3. exd5 cxd5 4. Bd3 Nc6 5. c3 Qc7 6. Nf3 Bg4 7. h3 Bh5 8. Nbd2
Nf6 9. Qa4 a6 10. Qc2 e6 11. g4 Bg6 12. g5 Nh5 13. Nf1 Bd6 14. Bd2 Nf4 15. Bxf4
Bxf4 16. Bxg6 hxg6 17. Ne3 Rc8 18. Qe2 Bxe3 19. Qxe3 Na5 20. Ne5 Nc4 21. Nxc4
Qxc4 22. Kd2 b5 23. b3 Qc7 24. Rhc1 Rh4 25. Rg1 Re4 26. Qg3 Qf4+ 27. Qxf4 Rxf4
28. Ke3 Rh4 29. Rgc1 Rxh3+ 30. f3 f6 31. a4 e5 32. dxe5 fxe5 33. axb5 axb5 34.
Ra5 e4 35. Rxb5 Rxf3+ 36. Kd4 Rd3+ 37. Ke5 Rdxc3 38. Rh1 e3 39. Rb7 R8c7 40.
Rxc7 Rxc7 41. Kxd5 e2 42. Re1 Rc2 43. Kd4 Kd7 44. Kd3 Rb2 45. Kc3 Ra2 46. b4 Kc6
47. Kb3 Rd2 48. Kc3 Rd5 49. Rxe2 Rxg5 50. Re7 Rg1 51. Rxg7 g5 52. Kc4 g4 53.
Rg6+ Kb7 54. Kb5 g3 55. Rg7+ Kc8 56. Kb6 g2 57. b5 Kd8 58. Rg5 Ke7 59. Kb7 Kf6
60. Rg8 Rb1 61. Rxg2 Rxb5+ 62. Kc6 Rg5 63. Rh2 Kg6 64. Kd6 Kf5 65. Re2 Kf4 66.
Ke6 Ra5 67. Rf2+ Ke3 68. Rb2 Ke4 1/2-1/2

[Event "ch-Africa Women 2025"]
[Site "Kerdasa EGY"]
[Date "2025.05.18"]
[Round "7.9"]
[White "Fayez Emad, Meryam"]
[Black "WEFANG Lucrece"]
[Result "1/2-1/2"]
[WhiteElo "1643"]
[BlackElo "1408"]
[WhiteFideId "54240476"]
[BlackFideId "16401980"]
[EventDate "2025.05.13"]

1. d4 Nf6 2. Bf4 d5 3. Nf3 e6 4. e3 c5 5. Nbd2 Nc6 6. c3 Be7 7. h3 Qb6 8. Qc2 h6
9. Bd3 Qd8 10. Ne5 c4 11. Bg6 O-O 12. Bxf7+ Rxf7 13. Qg6 Nxe5 14. dxe5 Ne4 15.
Nxe4 dxe4 16. Rd1 Qe8 17. Bxh6 Bd7 18. Bf4 Bc5 19. Qxe4 Bc6 20. Qxc4 Bb6 21. Rd6
Bd5 22. Qd3 Bc7 23. Rxd5 exd5 24. Qxd5 Rd8 25. Qe4 Qd7 26. O-O Qd2 27. e6 Rxf4
28. exf4 Qxf4 29. Qxf4 Bxf4 30. Re1 Re8 31. g3 Bd6 32. f4 g6 33. Kf2 Kg7 34. Kf3
Kf6 35. c4 Rxe6 36. Rxe6+ Kxe6 37. Ke4 Bc5 38. b3 a5 39. g4 Be7 40. Kd4 b6 41.
a4 Bc5+ 42. Ke4 Be7 43. f5+ gxf5+ 44. gxf5+ Kf6 45. h4 Kg7 46. h5 Kh6 47. Kd5
Kxh5 48. Ke6 Bc5 49. Kf6 Bd4+ 50. Ke6 Kg5 51. Kd5 Bc5 52. Ke6 Bd4 53. Kd5 Bc5
54. Ke6 Bd4 55. Kd5 Bc5 1/2-1/2

[Event "ch-Africa Women 2025"]
[Site "Kerdasa EGY"]
[Date "2025.05.18"]
[Round "7.10"]
[White "Bushaala, Maryam Mohamed"]
[Black "Mahmoud Youssef, Noha"]
[Result "0-1"]
[WhiteElo "1607"]
[BlackElo "1772"]
[WhiteFideId "9221247"]
[BlackFideId "10688820"]
[EventDate "2025.05.13"]

1. e4 c5 2. Nc3 Nc6 3. f4 g6 4. Bb5 Bg7 5. Nf3 Nd4 6. O-O a6 7. Be2 d6 8. a4 Nf6
9. Bc4 Rb8 10. e5 Nxf3+ 11. Qxf3 dxe5 12. fxe5 Qd4+ 13. Qe3 Ng4 14. Bxf7+ Kd8
15. Qxd4+ cxd4 16. Ne4 Bf5 17. Nc5 Bxe5 18. h3 Nh6 19. Bb3 d3 20. c3 Bd6 21.
Ne6+ Kd7 22. Nd4 Bc5 23. Kh1 Bxd4 24. cxd4 Rhf8 25. Bd5 e6 26. Bc4 Be4 27. Re1
Rbc8 28. Bxe6+ Kxe6 29. Rxe4+ Kd5 30. Re1 Rf2 31. Kg1 Re2 32. Rxe2 dxe2 33. Kf2
Re8 34. Ke1 Nf5 35. Ra3 Nxd4 36. Rc3 Rf8 37. Rf3 Nxf3+ 0-1

[Event "ch-Africa Women 2025"]
[Site "Kerdasa EGY"]
[Date "2025.05.18"]
[Round "7.12"]
[White "Mongeli, Sasha"]
[Black "Abdel-Rehim Ahmed, Retal"]
[Result "1-0"]
[WhiteTitle "WFM"]
[WhiteElo "1886"]
[BlackElo "1636"]
[WhiteFideId "10809090"]
[BlackFideId "54243998"]
[EventDate "2025.05.13"]

1. Nf3 Nf6 2. c4 d6 3. d4 Nbd7 4. Nc3 e5 5. dxe5 dxe5 6. Bg5 g6 7. g3 Bg7 8. Bg2
O-O 9. O-O c6 10. Qd6 Re8 11. Rad1 Qe7 12. Ne4 Qxd6 13. Nxd6 Re6 14. Nxc8 Rxc8
15. Bh3 Re7 16. Bxf6 Bxf6 17. Bxd7 Rd8 18. Bh3 Rxd1 19. Rxd1 e4 20. Nd4 Re8 21.
Rd2 Rd8 22. Nb3 Rxd2 23. Nxd2 Bxb2 24. Nxe4 b5 25. cxb5 cxb5 26. Bd7 b4 27. Kf1
Kf8 28. Ke1 Ke7 29. Ba4 h6 30. Kd2 f5 31. Nc5 Kf6 32. Kd3 Kg5 33. h3 h5 34. Ne6+
Kf6 35. Nf4 Kg5 36. Be8 a5 37. Bxg6 h4 38. Be8 Be5 39. Ke3 Bd6 40. Kf3 Be5 41.
Ng6 Bd6 42. Nxh4 f4 43. Ng2 fxg3 44. fxg3 Kf5 45. Ne3+ Ke5 46. Nc4+ Kd5 47. Nxd6
Kxd6 48. h4 Kc5 49. h5 Kc4 50. h6 Kc3 51. h7 Kb2 52. Bf7 a4 53. h8=Q+ Ka3 54.
Qa1 b3 55. axb3+ Kb4 56. Qxa4+ Kc3 57. Qc4+ Kd2 58. Bg6 1-0

[Event "ch-Africa Women 2025"]
[Site "Kerdasa EGY"]
[Date "2025.05.19"]
[Round "8.1"]
[White "Mohamed Zaki, Jana"]
[Black "Nassr, Lina"]
[Result "1-0"]
[BlackTitle "WIM"]
[WhiteElo "1891"]
[BlackElo "2029"]
[WhiteFideId "10683089"]
[BlackFideId "7908075"]
[EventDate "2025.05.13"]

1. e4 c5 2. Nf3 e6 3. c3 d5 4. exd5 exd5 5. d4 Nf6 6. Bb5+ Bd7 7. Bxd7+ Nbxd7 8.
O-O Be7 9. dxc5 Nxc5 10. Be3 O-O 11. Nbd2 Qd7 12. Nd4 Ng4 13. Qf3 f5 14. Ne2 Ne4
15. Rad1 Qc7 16. Bf4 Qb6 17. Nxe4 dxe4 18. Qg3 h5 19. Nd4 Rac8 20. f3 exf3 21.
gxf3 Nf6 22. Kh1 Nd5 23. Be5 Bf6 24. Nxf5 h4 25. Qg4 Bxe5 26. Rxd5 Qe6 27. Ne3
Qf6 28. Rd7 Qa6 29. Rg1 g6 30. Qxg6+ Qxg6 31. Rxg6+ Kh8 32. Ng4 Rce8 33. Rh6+
Kg8 34. Rhh7 Re6 35. Nxe5 Rf5 36. Rhg7+ Kf8 37. Ng6+ Ke8 38. Rxb7 Re1+ 39. Kg2 1-0

[Event "ch-Africa Women 2025"]
[Site "Kerdasa EGY"]
[Date "2025.05.19"]
[Round "8.2"]
[White "Laubscher, Anzel"]
[Black "Wafa, Shrook"]
[Result "0-1"]
[WhiteTitle "WIM"]
[BlackTitle "WGM"]
[WhiteElo "1844"]
[BlackElo "2189"]
[WhiteFideId "14300800"]
[BlackFideId "10609970"]
[EventDate "2025.05.13"]

1. e4 e5 2. Nf3 Nc6 3. Nc3 Nf6 4. d4 exd4 5. Nxd4 d6 6. Nxc6 bxc6 7. Bg5 Be7 8.
Qd2 h6 9. Bf4 Rb8 10. Bc4 O-O 11. Bb3 Be6 12. O-O c5 13. Qe2 c4 14. Bxc4 Bxc4
15. Qxc4 Rxb2 16. Rab1 Rxc2 17. Qd3 Rxc3 18. Qxc3 Nxe4 19. Qc6 Nc5 20. Be3 Ne6
21. Rb7 a5 22. Rfb1 Bg5 23. Bxg5 Qxg5 24. Qb5 Qd2 25. Qb2 Qf4 26. Qb5 c5 27.
Qxa5 d5 28. g3 Qe4 29. Re1 Qc2 30. Rbb1 Ng5 31. Rec1 Qe4 32. f4 Nh3+ 33. Kf1
Qf3+ 34. Ke1 Re8+ 35. Kd2 Re2+ 0-1

[Event "ch-Africa Women 2025"]
[Site "Kerdasa EGY"]
[Date "2025.05.19"]
[Round "8.3"]
[White "Wafa, Shahenda"]
[Black "Romany, Joy"]
[Result "1-0"]
[WhiteTitle "WGM"]
[BlackTitle "WIM"]
[WhiteElo "2085"]
[BlackElo "1932"]
[WhiteFideId "10609962"]
[BlackFideId "10656820"]
[EventDate "2025.05.13"]

1. e4 e5 2. Nf3 Nc6 3. d4 exd4 4. Bc4 Nf6 5. e5 d5 6. Bb5 Nd7 7. O-O Bc5 8. Bxc6
bxc6 9. Bg5 Be7 10. Nxd4 Nb8 11. Bf4 c5 12. Nb5 Be6 13. c4 c6 14. Nd6+ Bxd6 15.
exd6 O-O 16. cxd5 cxd5 17. Nc3 d4 18. Ne4 Qb6 19. Qf3 Nd7 20. b3 Bd5 21. Qd3 f6
22. Nc3 Bf7 23. Na4 Qb7 24. Rac1 Rac8 25. Rfe1 Rfe8 26. h4 Be6 27. Qg3 Qd5 28.
Nb2 Nf8 29. Qd3 Ng6 30. Bg3 Ne5 31. Bxe5 fxe5 32. Nc4 Bd7 33. Qe4 Qe6 34. Qxe5
Qg6 35. Qg5 Qxg5 36. hxg5 d3 37. Red1 Bf5 38. Ne3 Rxe3 39. fxe3 Kf7 40. d7 Rd8
41. Rxc5 Be4 42. Re5 Bg6 43. Rf1+ Kg8 44. Rc5 1-0

[Event "ch-Africa Women 2025"]
[Site "Kerdasa EGY"]
[Date "2025.05.19"]
[Round "8.4"]
[White "February, Jesse Nikki"]
[Black "Alaa, Dema"]
[Result "1-0"]
[WhiteTitle "WIM"]
[WhiteElo "2052"]
[BlackElo "1828"]
[WhiteFideId "14312336"]
[BlackFideId "54205514"]
[EventDate "2025.05.13"]

1. e4 c5 2. Nf3 d6 3. d4 cxd4 4. Nxd4 Nf6 5. Nc3 g6 6. Be3 Bg7 7. f3 h5 8. Qd2
a6 9. O-O-O b5 10. Kb1 Bb7 11. h4 Nbd7 12. Rh3 Rc8 13. Rg3 Rh7 14. Qe1 Qc7 15.
a3 Nc5 16. Bg5 Kf8 17. Bd3 Nfd7 18. Be3 Bf6 19. Rh3 Ne5 20. f4 Nexd3 21. cxd3 e5
22. Nde2 exf4 23. Bxf4 Be5 24. Rc1 Qd7 25. Rf3 Kg8 26. d4 Bxf4 27. Nxf4 Nb3 28.
Rd1 a5 29. Ncd5 Bxd5 30. Nxd5 Qe6 31. Rxb3 f5 32. Rg3 Rg7 33. Nf4 Qf7 34. e5 b4
35. axb4 axb4 36. e6 Qb7 37. Rxg6 Rxg6 38. Nxg6 b3 39. e7 Kf7 40. Nf4 Qa8 41.
Qe6+ Ke8 42. Qxb3 Qe4+ 43. Nd3 Qxg2 44. Qb5+ Kxe7 45. Re1+ Kf6 46. Re6+ 1-0

[Event "ch-Africa Women 2025"]
[Site "Kerdasa EGY"]
[Date "2025.05.19"]
[Round "8.5"]
[White "El Barbry, Sarah"]
[Black "Ayemou, Mazan Emmanuela Esther"]
[Result "1-0"]
[BlackTitle "WCM"]
[WhiteElo "1841"]
[BlackElo "1911"]
[WhiteFideId "26051419"]
[BlackFideId "20803036"]
[EventDate "2025.05.13"]

1. e4 e5 2. Nf3 Nc6 3. d4 exd4 4. Bc4 Nf6 5. O-O Nxe4 6. Re1 d5 7. Bxd5 Qxd5 8.
Nc3 Qa5 9. Nxe4 Be6 10. Neg5 O-O-O 11. Nxe6 fxe6 12. Rxe6 h6 13. Qe2 Bd6 14. Bd2
Qd5 15. Qe4 Qb5 16. b3 g5 17. a4 Qc5 18. Re1 a5 19. h3 Kb8 20. Qd3 Rdf8 21. R6e4
Rd8 22. Kf1 Bf4 23. Bxf4 gxf4 24. Qd2 Rhf8 25. R1e2 Rf5 26. Rxf4 Rfd5 27. Ne1
Nb4 28. Nd3 Nxd3 29. Qxd3 Rg5 30. Rfe4 Qd5 31. f3 Qd6 32. Re8 Rxe8 33. Rxe8+ Ka7
34. Re4 Rd5 35. f4 h5 36. g4 hxg4 37. hxg4 b6 38. Kg2 Qg6 39. Kg3 Qg7 40. g5 Kb7
41. Qe2 Qd7 42. Re7 Qd6 43. Re5 Kc8 44. Rxd5 Qxd5 45. g6 Qg8 46. Qe4 Kb8 47. f5
Qg7 48. Kg4 Qf6 49. Qe6 Qg7 50. Kg5 Qh8 51. Qf7 Qh3 52. g7 Qg3+ 53. Kh6 Qf4+ 54.
Kh7 Qh4+ 55. Kg8 Kb7 56. Qd5+ Kc8 57. Qe6+ Kb7 58. Kf7 Qh5+ 59. Qg6 Qe2 60. f6
b5 61. g8=Q bxa4 62. Qg2+ Qxg2 63. Qxg2+ Kb6 64. bxa4 1-0

[Event "ch-Africa Women 2025"]
[Site "Kerdasa EGY"]
[Date "2025.05.19"]
[Round "8.6"]
[White "Marochkina, Nadezhda Valerevna"]
[Black "Bwalya Mulwale, Lubuuto"]
[Result "1/2-1/2"]
[WhiteTitle "CM"]
[BlackTitle "WCM"]
[WhiteElo "1808"]
[BlackElo "1954"]
[WhiteFideId "19900490"]
[BlackFideId "8706964"]
[EventDate "2025.05.13"]

1. d4 Nf6 2. c4 g6 3. Nc3 Bg7 4. e4 d6 5. Nf3 c5 6. Be2 O-O 7. O-O cxd4 8. Nxd4
Nc6 9. Be3 Bd7 10. f4 Ng4 11. Bxg4 Bxd4 12. Bxd4 Bxg4 13. Qxg4 Nxd4 14. Rad1 f5
15. Qh3 Nc6 16. c5 Qa5 17. cxd6 exd6 18. Rd5 Qb6+ 19. Kh1 Ne7 20. Rd2 Qc6 21.
Rfd1 Rad8 22. Nd5 Nxd5 23. Rxd5 Qc2 24. e5 Qxb2 25. R5d2 Qb4 26. exd6 Rd7 27.
Qe3 Rfd8 28. Qe6+ Kg7 29. Qe5+ Kg8 30. h3 Qe4 31. Re2 Qb4 32. Qd5+ Kg7 33. Re6
Qxf4 34. Rde1 Kh6 35. Rd1 a6 36. Rd4 Qg3 37. Qxf5 Re8 38. Qf6 Rxe6 39. Qxe6 Qf2
40. Qe5 Qf1+ 41. Kh2 Qf2 42. Re4 Rf7 43. Rg4 Qf6 44. Qe3+ Kg7 45. Rd4 Rd7 46.
Qd2 Qe5+ 47. Kh1 b5 48. Rd3 Rf7 49. Qd1 Rd7 50. Qd2 h6 51. Qc1 g5 52. Rd1 Qe2
53. Qa1+ Kg6 54. Re1 Qc4 55. Qe5 Qf7 56. Qe4+ Kg7 57. Qc6 a5 58. Qxb5 Rxd6 59.
Qxa5 Rf6 60. Qc3 Qxa2 61. Re7+ Kg6 62. Qd3+ Kh5 63. Qd1+ Kg6 64. Qd3+ Kh5 65.
Re1 Qf2 66. Qd1+ Kg6 67. Qd3+ Qf5 68. Qxf5+ Kxf5 69. Kh2 Rd6 70. Re3 Rd4 71. Kg3
h5 72. Ra3 h4+ 73. Kf3 Rd5 74. Ra4 Rd3+ 75. Ke2 Rg3 76. Kf2 g4 77. hxg4+ Rxg4
78. Ra5+ Kg6 79. Kf3 Rg3+ 80. Kf2 Rc3 81. Rb5 Rg3 82. Ra5 1/2-1/2

[Event "ch-Africa Women 2025"]
[Site "Kerdasa EGY"]
[Date "2025.05.19"]
[Round "8.7"]
[White "Fady, Heaven"]
[Black "Mongeli, Sasha"]
[Result "0-1"]
[BlackTitle "WFM"]
[WhiteElo "1685"]
[BlackElo "1886"]
[WhiteFideId "10691448"]
[BlackFideId "10809090"]
[EventDate "2025.05.13"]

1. d4 Nf6 2. Nf3 d5 3. g3 e6 4. Bg2 Be7 5. O-O b5 6. b3 Bb7 7. c4 c6 8. c5 a5 9.
a3 O-O 10. Qc2 Nbd7 11. Nbd2 Qc7 12. Bb2 e5 13. Nxe5 Nxe5 14. dxe5 Nd7 15. b4
Nxe5 16. Nf3 Nc4 17. Bc3 Bc8 18. Nd4 Bf6 19. e4 Bxd4 20. Bxd4 Be6 21. Qc3 f6 22.
f4 Rad8 23. f5 Bf7 24. g4 dxe4 25. Bxe4 Bd5 26. Rae1 Qf7 27. Rf4 a4 28. h4 Rfe8
29. g5 Bxe4 30. Rfxe4 Rxe4 31. Re2 Re3 32. Rxe3 fxg5 33. Re4 0-1

[Event "ch-Africa Women 2025"]
[Site "Kerdasa EGY"]
[Date "2025.05.19"]
[Round "8.8"]
[White "Ampaire, Shakira"]
[Black "Rakotoniaina, Tiana Johanna"]
[Result "1-0"]
[WhiteTitle "WCM"]
[WhiteElo "1784"]
[BlackElo "1703"]
[WhiteFideId "10002782"]
[BlackFideId "13102630"]
[EventDate "2025.05.13"]

1. e4 c5 2. Nf3 Nc6 3. Bb5 a6 4. Be2 e5 5. O-O Nf6 6. Nc3 Be7 7. Re1 O-O 8. a4
Nd4 9. Nxe5 d6 10. Nf3 Nxe2+ 11. Qxe2 Bg4 12. d3 Nd7 13. h3 Be6 14. d4 cxd4 15.
Nxd4 Rc8 16. Nd5 Bxd5 17. exd5 Bf6 18. Be3 Re8 19. Qd2 Nb6 20. Qb4 Rc4 21. Qd2
Nxd5 22. b3 Rc8 23. c4 Nxe3 24. Rxe3 Rf8 25. Rd3 Qb6 26. Rb1 g6 27. Nf3 Rfd8 28.
Rd1 Kg7 29. a5 Qc7 30. g4 h6 31. Nd4 d5 32. c5 Qxc5 33. b4 Qc7 34. f4 Rd7 35. g5
hxg5 36. fxg5 Be5 37. Nf3 Bf4 38. Qb2+ d4 39. Nxd4 Kh7 40. Ne6 Be3+ 41. Kf1 Qc3
42. Qxc3 Rxc3 43. Nf8+ Kg7 44. Nxd7 Rxd3 45. Rxd3 Bxg5 46. Nc5 Be7 47. Rd7 Kf6
48. Rxb7 Bd6 49. Ne4+ 1-0